Mystery Themed Slideshow VI Quiz Stats

 Plays Quiz not verified by Sporcle

Also try: Any Food but Vegan
Challenge
Share
Tweet
Score 0/13 Timer 04:00
0 Plays Today
% Correct
safety pin
88.9%
sack
80%
nickel
71.1%
block
64.4%
tackle box
62.2%
Polly Pocket
55.6%
snap
51.1%
The Twilight Zone
51.1%
apple turnover
48.9%
The Blitz
44.4%
Football Terms
40%
Rush
35.6%
receiver
20%

You're not logged in!

Compare scores with friends on all Sporcle quizzes.
Join for Free
OR
Log In

You Might Also Like...

Show Comments

Extras

Created Jun 4, 2017ReportNominate
Tags:mystery, Slideshow, theme

Top Quizzes Today


Score Distribution

Your Account Isn't Verified!

In order to create a playlist on Sporcle, you need to verify the email address you used during registration. Go to your Sporcle Settings to finish the process.

Report this User

Report this user for behavior that violates our Community Guidelines.

Details: